02404cam a2200253 a 4500003000900000005001700009008004100026040002800067041000800095100002900103245020400132246020700336260004700543300005200590502010100642520120700743530002201950653001401972653002001986653002002006700004802026700004302074856003302117EG-GiCUC20250223032148.0190114s2018 ua dhb f m 000 0 eng d aEG-GiCUCbengcEG-GiCUC0 aeng0 aNashaat Gad Abdalla Gad 10aOptical and microphysical characteristics of aerosols over Egypt from nasa{u2019}ssatellites (2003-2014) / cNashaat Gad Abdalla Gad ; Supervised Mohamed Bahai Eldeen Argoun , Mohammed Elsayed Shokr 15aالخصائص البصرية والميكروفيزيقية للهباء الجوي علي مصر من قياسات الأقمار الصناعية فى الفترة من ٢٠٠٣ إلى ٢٠١٤ aCairo : bNashaat Gad Abdalla Gad , c2018 a134 P. : bcharts , facsimiles , maps ; c30cm  aThesis (M.Sc.) - Cairo University - Faculty of Engineering - Department of Aerospace Engineering aThe main objective of this thesis is to develop the knowledge of usages of remote sensing data for monitoring aerosols (pollutants) over Egypt. This has been achieved by addressing the following items: -Acquiring daily-average aerosol data from two space-borne sensors: NASA{u2019}s MODIS and MISR as well as the ground-based AERONET station in Cairo over 12-year period (2003-2014).-Inter-comparison of derived aerosol optical parameters from the three data sources, MODIS, MISR and AERONET station in Cairo, for the purpose validating MODIS and MISR Aerosol products, considering AERONET data as being truth data- determining aerosols optical and microphysical characteristics from three data sets.- Identify spatial and seasonal patterns of aerosols optical parameters over five selected cities: Alexandria, Cairo, Asyut, Hurghada and Aswan as well as two regions: Western Desert and Nile Delta then the entire country. -Using the available optical properties as proxy indictor of aerosol types. Approximate aerosol type maps are generated - Identifying days of severe events (high aerosol loading) during the study period (2003-2014) and identify the aerosols type(s) that characterize these events aIssued also as CD 4aAerosols  4aAerosols types  4aRemote Sensing 0 aMohamed Bahai Eldeen Argoun , eSupervisor 0 aMohammed Elsayed Shokr , eSupervisor  uhttp://172.23.153.220/th.pdf